000 00255nam a2200109 a 4500
008 110314s2004|||| d
245 1 0 _aZmaturuj z literatúry 2
260 _bDidaktis
_aBratislava
_c2004
020 _c209
041 _aslo
044 _axo
_cSK
999 _c18189
_d18189